the big questions in science and religion / (Record no. 35695)

MARC details
000 -LEADER
fixed length control field 00650naa a2200193 4500
005 - DATE AND TIME OF LATEST TRANSACTION
control field 20100505114826.0
008 - FIXED-LENGTH DATA ELEMENTS--GENERAL INFORMATION
fixed length control field 100505t xxu||||| |||| 00| 0 eng d
020 ## - INTERNATIONAL STANDARD BOOK NUMBER
International Standard Book Number 9780230639010
Terms of availability 345.00
037 ## - SOURCE OF ACQUISITION
Source of stock number/acquisition PUB
040 ## - CATALOGING SOURCE
Original cataloging agency dpl
Language of cataloging English
100 ## - MAIN ENTRY--PERSONAL NAME
Personal name Ward, Keith
245 ## - TITLE STATEMENT
Title the big questions in science and religion /
Statement of responsibility, etc by Keith Ward
260 ## - PUBLICATION, DISTRIBUTION, ETC. (IMPRINT)
Place of publication, distribution, etc New Delhi
Name of publisher, distributor, etc Macmillan
Date of publication, distribution, etc 2009
270 ## - ADDRESS
Address 2/10, Ansari Road, Daryaganj
City New Delhi
Postal code 110002
300 ## - PHYSICAL DESCRIPTION
Extent vi, 280p.
Dimensions 24cm(pbk)
500 ## - GENERAL NOTE
General note Includes references and index
942 ## - ADDED ENTRY ELEMENTS (KOHA)
Institution code [OBSOLETE] dpl
Item type English Books
Source of classification or shelving scheme Dewey Decimal Classification
Call number suffix WAR
Holdings
Withdrawn status Lost status Source of classification or shelving scheme Damaged status Not for loan Home library Current library Date acquired Cost, normal purchase price Total Checkouts Full call number Date last seen Cost, replacement price Koha item type
    Dewey Decimal Classification   Ordered Andrews Gunj Andrews Gunj 05/05/2010 345.00   WAR 05/05/2010 345.00 English Books

© Delhi Public Library
Hit Counter
free hit counter